| 000 | 00000nam 2200000za 4500 |
| 001 | 9.822145 |
| 003 | CaOODSP |
| 005 | 20221107143625 |
| 007 | cr ||||||||||| |
| 008 | 160808s1975 onc oz f000 0 eng d |
| 040 | |aCaOODSP|beng |
| 041 | |aeng|afre |
| 043 | |an-cn--- |
| 086 | 1 |aE3-1973/24-PDF|zE3-1973/24 |
| 245 | 00|aFinance |h[electronic resource] : |bagreement between Canada and the Czechoslovak Socialist Republic = Finance : accord entre le Canada et la République socialiste tchécoslovaque. |
| 246 | 31|aFinance : |baccord entre le Canada et la République socialiste tchécoslovaque |
| 246 | 16|aAgreement between the Government of Canada and the Government of the Czechoslovak Socialist Republic relating to the settlement of Financial Matters |
| 260 | |aOttawa : |bQueen's Printer = Imprimeur de la Reine, |cc1975. |
| 300 | |a7 p. |
| 490 | 1 |aTreaty series = Recueil des traités ; |v1973, no. 24 |
| 500 | |a"Ottawa, April 18, 1973. In force June 22, 1973." |
| 530 | |aIssued also in printed form. |
| 546 | |aText in English and French. |
| 692 | 07|2gccst|aFinance |
| 692 | 07|2gccst|aClaims |
| 692 | 07|2gccst|aInternational agreements |
| 710 | 1 |aCanada. |bDepartment of External Affairs. |
| 792 | |tFinance |efre|w(CaOODSP)9.822146 |
| 830 | #0|aTreaty series = Recueil des traités ;|v1973, no. 24|w(CaOODSP)9.813197 |
| 856 | 40|qPDF|s390 KB|uhttps://publications.gc.ca/collections/collection_2016/amc-gac/E3-1973-24.pdf |